| 000 | 00360nam a2200145Ia 4500 | ||
|---|---|---|---|
| 008 | 191201s2019 xx 000 0 und d | ||
| 082 |
_a004.0151 _bLAC |
||
| 100 | _aLASZLO, Michael J | ||
| 245 | 0 | _aComputational Geometry and Computer Graphics in C++ | |
| 250 | _aRep | ||
| 260 |
_aN. Delhi _bPHI |
||
| 300 | _a266 | ||
| 650 | _aM.Tech(CSE) | ||
| 942 |
_2ddc _cBK |
||
| 999 |
_c5428 _d5428 |
||